• 首页
  • 本馆介绍
  • 公告通知
  • 最新文献
  • 馆藏检索
  • 电子资源
  • 读者导购
  • 参考咨询
  • 我的图书馆
  • 登录
  • 详细信息显示
  • 放入我的书架
  • 预约/预借图书
  • 作者相关作品
  • 分类相关作品
  • 丛书相关作品
  • 出版社相关作品

书目信息

  • 表格格式
  • 工作单格式
  • 卡片格式
题名:
数据库管理:Fox Pro 2.5
    
 
作者: 董启雄 张宝玲
分册:  
出版信息:   科学普及出版社  1997. 8
页数: 169页
开本: 16开
丛书名:
单 册:
中图分类: TP392
科图分类:
主题词: 计算机应用
电子资源:
ISBN:
000 00544nam0 2200193 45
001 0308271072
005 20030827105643.4
010    @dRMB14.00
100    @a20030827d1997 km y0chiy0120 ea
101    @achi
105    @a z 000yy
200 1  @a数据库管理:Fox Pro 2.5@Ashu ju ku guan li:Fox Pro 2.5@f董启雄 张宝玲@Fdong qi xiong zhang bao ling
210    @c科学普及出版社@d1997. 8
215    @a169页@c无图表@d16开
606 0  @a计算机应用
690    @aTP392@v3
701  0 @a董启雄 张宝玲
801    @aCN@b@c20030827
905    @aBZT@dTP392@e37
    
    数据库管理:Fox Pro 2.5/董启雄 张宝玲.-科学普及出版社,1997. 8
    169页:无图表;16开
    
    
    ISBN :RMB14.00
    
●
相关链接 在五车中查询图书 在当当中查询图书 在豆瓣中查询图书


正题名:数据库管理:Fox Pro 2.5     索取号:TP392/37         预约/预借

序号 登录号 条形码 馆藏地/架位号 状态 备注
1 84530   200047822   中心书库中库/ 中库026架B面6列2层21/ [索取号:TP392/37] 在馆    
2 84531   200047859   中心书库中库/ 中库026架B面6列2层22/ [索取号:TP392/37] 在馆    
3 84534   200047831   中心书库中库/ 中库026架B面6列2层19/ [索取号:TP392/37] 在馆    
4 84535   200047868   中心书库中库/ 中库026架B面6列2层20/ [索取号:TP392/37] 在馆    
5 84536   200047840   中心书库中库/ 中库026架B面6列2层18/ [索取号:TP392/37] 在馆    
山东省滨州职业学院图书馆 欢迎您!
大连网信软件有限公司© 版权所有